000
00280nam a2200121Ia 4500
008
220216s9999 xx 000 0 und d
100
_a
Tollefson J
245
0
_a
Americas top climate cop
260
_b
Nature
_c
2011
300
_a
268-270
650
_a
Climate change
942
_c
JS
999
_c
54073
_d
54073